000 06719nam a2200457Ia 4500
001 dia_924
003 CHAP
005 20250819183304.0
007 ta
008 220117s1998 mx ad fr 001 0 spa d
010 _a171472
040 _cCHAP
_amxchpua
_erda
041 0 _aspa
_beng
090 _aTesis
_bA94
_c1998
100 1 _aAvecías Vázquez, Juan Manuel
240 1 0 _aCharacterization and classification of industrial quality of commercial bread wheat varieties (Triticum aestivum).
_lEspañol
245 1 0 _aCaracterización y clasificación industrial de variedades comerciales de trigo (Triticum aestivum) /
_cJuan Manuel Avecias Vázquez
264 _aChapingo, México :
_bEl autor,
_c1998
300 _avi, 81 hojas :
_bilustraciones, gráficas, tablas
336 _2rdacontent
_atexto
_btxt
337 _2rdamedia
_ano mediado
_bn
338 _2rdacarrier
_avolumen
_bnc
502 _aTesis
_b(Ingeniero Agroindustrial) --
_cUACh. Departamento de Ingeniería Agroindustrial,
_d1998
504 _aBibliografía: hojas 66-68
520 3 _aLa producción nacional de trigo (Triticum aestivum) se cosecha de la siembra de diferentes variedades para diferentes usos industriales, los cuales dependen del contenido y calidad de proteínas del gluten. Por ello, la clasificación industrial de las variedades de trigo es importante en la programación de siembras, comercialización e industrialización, para satisfacer la demanda y calidad que la industria molinera requiere. Ante esta necesidad, el objetivo de este trabajo fue evaluar las características de calidad en 36 variedades de trigo (Triticum aestivum) en uso comercial, las cuales se clasificaron en 4 grupos de calidad de acuerdo a la Norma Oficial Mexicana (MNX-FF-036-1996-SCFI): Grupo I de gluten fuerte (15 variedades), Grupo II de gluten medio fuerte (10 variedades), Grupo III de gluten débil (6 variedades) y Grupo IV de gluten tenaz (5 variedades). Se observó una variación significativa (pc0.05) en variedades incluidas en un mismo grupo y entre grupo de calidad, en todas las variables de calidad evaluadas de acuerdo a 5 criterios: calidad física, molinera, química, reólogica y de panificación. Las variedades clasificadas en el grupo I de gluten fuerte se caracterizaron por tener los valores más altos en pesos hectoliítricos, porcentaje de proteína, fuerza general (W del alveografo), características farinográficas y extensográficas que las variedades correspondientes a los grupos I, II y IV, los valores más bajos se obtuvieron en las variedades en el grupo IV. El potencial de panificación medido como volumen de pan fue superior en las variedades del grupo I, siendo las variedades Eneida F-95, Romoga F-94, Ocoroni F-89, Zacatecas F-74, Pavon F-76, Arandas F-81, Morelia F-97, Angostura F-88, Oasis F-86, Anahuac F-75 y Batan F-94 las que proporcionaron los volúmenes de pan más alto, con una media de 819 cc. Con base en estos resultados, las variedades Zacatecas F-74 y Tepoca M-89 se reclasificaron como de gluten fuerte (grupo I) y gluten medio fuerte (Grupo I), respectivamente, ya que anteriormente se clasificaron en el grupo IV (Gluten tenaz). Se encontró que los valores de sedimentación tuvieron una correlación con el volumen de pan y la fuerza general (0.81976 y 0.743), respectivamente. Estos resultados permiten señalar que la variedad es determinante en la calidad, sin embargo, las características de calidad incorporadas en una variedad por si solas no aseguran la calidad de la producción en campo, ya que son altamente influenciadas por las condiciones ambientales y tecnológicas de producción, por lo que es necesario establecer programas de aseguramiento de calidad durante cada ciclo agrícola. --
520 3 _aNational bread wheat (Triticum aestivum) production is harvested from wheat varieties to different end use quality which depends on protein content and quality. Because of this, the industrial classification of wheat varieties is important for planning plantings season, marketing and industrialization in order to sastify the demand and quality of grain by the milling industry. In this work, the quality characteristics of 36 bread wheat varieties (Triticum aestivum ) in commercial use were evaluated. These varieties were classified into four quality groups according to the official mexican standards for grain (MNX-FF-036-1996-SCFI): group I varieties of strong gluten strength (15 varieties), group II varieties of medium strong gluten strength (ten varieties), group III of weak gluten strength (six varieties), and group IV varieties of tenacious gluten strength (five varieties). It was observed a significant variation among varieties within and between groups in all quality attributes evaluated according to five quality criteria phisical, milling, chemical, rheological and breadmaking. Group I varieties of strong giuten strength were characterized for having higher values for test weight, protein content, giuten strength (alveograph, W), farinograph and extensograph characteristcs than groups I M and IV varieties. The lowest values were found in group IV varieties. Group I varieties Eneida F95, Romoga F-94, Ocoroni F-89, Zacatecas F-74, Pavon F-76, Arandas F-81, Morelia F-97, Angostura F-88, Oasis F-86, Anahuac F-75 y Batan F-94 had the highest loaves volumenes with an average of 819 cc. Based on these results, varieties Zacatecas F-74 and Tepoca M-89 were reclassified into groups I (strong gluten strength) and group II (medium gluten strength), respectively. They had been classified as group IV varieties (gluten tenacious) It was found that sedementation values were posirively correlated (p=0.05) to loaf volume and gluten strehgth (0 876 y 0.743, respectivety). These results suggest that inherent quality of a variety is imporant, however, this is greatly affected by enviromental and processing conditions. This is the reason why wheat quality programs quality are needed each agricultural cycle. 
650 1 3 _aClases de trigo
_xPropiedades fisicoquímicas
_2atg
650 1 3 _aHarina de trigo
_xCalidad del producto
_2atg
650 1 3 _aTrigo
_xClasificación de productos
_2atg
650 1 3 _aWheat classes
_xPhysicochemical properties
_2atg
650 1 3 _aWheat flour
_xProduct quality
_2atg
650 1 3 _aWheat
_xProduct grading
_2atg
700 1 _aSalazar Zazueta, Alfredo
_edirector
700 1 _aIrízar Garza, Martha Blanca Guadalupe
_easesora
700 1 _aReyes Vigil, Miguel
_easesor
901 _aTESIS A94 1998
902 _aM
905 _a5232271998 mx md 8223123322spa16
942 _cTESIS
_2Clasificación Universidad Autónoma Chapingo
999 _c171472
_d171472